Chanteurs et Musiciens en A (par images). - Statistiques

Statistiques générales
  • Ce quiz a été pris 940 fois
  • Le résultat moyen est 9 sur 16
Statistiques - réponses
Par images Réponse % Correct
Angèle
96%
Adèle
95%
Charles Aznavour
92%
Amir
84%
ABBA
81%
Louis Armstrong
74%
AC/DC
63%
Alizée
62%
Avicii
62%
Jean-Louis Aubert
57%
Alonzo
46%
Anggun
28%
Aerosmith
27%
Akhenaton
23%
Akon
20%
Aaliyah
13%
Aucun quiz correspondant
Distribution des résultats
% des personnes avec chaque résultat
Percentile par nombre de réponses
Votre historique - résultats
Vous n’avez pas pris ce quiz